ដើមកំណើតសត្វកូនលោក : (Record no. 8706)
[ view plain ]
| 000 -LEADER | |
|---|---|
| fixed length control field | 02708nam a22003017a 4500 |
| 001 - CONTROL NUMBER | |
| control field | 8706 |
| 003 - CONTROL NUMBER IDENTIFIER | |
| control field | FISKH |
| 005 - DATE AND TIME OF LATEST TRANSACTION | |
| control field | 20251013114827.0 |
| 008 - FIXED-LENGTH DATA ELEMENTS--GENERAL INFORMATION | |
| fixed length control field | 251013b cb ||||| |||| 00| 0 eng d |
| 020 ## - INTERNATIONAL STANDARD BOOK NUMBER | |
| International Standard Book Number | 9789996325748 |
| 040 ## - CATALOGING SOURCE | |
| Original cataloging agency | FISKH |
| Language of cataloging | khr |
| Transcribing agency | FISKH |
| Modifying agency | FISKH |
| 050 ## - LIBRARY OF CONGRESS CALL NUMBER | |
| Classification number | PZ7 |
| 082 ## - DEWEY DECIMAL CLASSIFICATION NUMBER | |
| Classification number | 398.209596 |
| 100 ## - MAIN ENTRY--PERSONAL NAME | |
| Personal name | Mony, Kun |
| 245 ## - TITLE STATEMENT | |
| Title | ដើមកំណើតសត្វកូនលោក : |
| Remainder of title | The starlings ( Kaun Lauk Birds ) / |
| Statement of responsibility, etc. | អ្នករៀបរៀង គុណ មុន្នី |
| 260 ## - PUBLICATION, DISTRIBUTION, ETC. | |
| Place of publication, distribution, etc. | Phnom Penh : |
| Name of publisher, distributor, etc. | Book World , |
| Date of publication, distribution, etc. | 2015. |
| 300 ## - PHYSICAL DESCRIPTION | |
| Extent | 24 pages : |
| Other physical details | color illustrations ; |
| Dimensions | 25 cm. |
| 505 ## - FORMATTED CONTENTS NOTE | |
| Formatted contents note | L <br/> |
| 520 ## - SUMMARY, ETC. | |
| Summary, etc. | នៅសម័យបុរាណ គេរៀបរាប់ថា មានព្រះអាទិទេពបានបង្កើតសត្វមួយប្រភេទ ដែលមានរាងកាយតូច តែលឿន មានភាពឆ្លាតវៃ និងមានអត្តសញ្ញាណពិសេស។ សត្វនោះគឺ "កូនលោក"។ គេជឿថា សត្វនេះកើតឡើងពីការលេងសំណើចរបស់ទេវតា ឬជាផលវិបាកនៃអំពើមនុស្ស។<br/>រឿងនេះនិយាយពីវិធីដែលសត្វកូនលោក បានកើតឡើង តាំងពីដំណើររបស់វា ការប្រឈមមុខជីវិត និងទំនាក់ទំនងរបស់វាជាមួយសត្វផ្សេងទៀត និងមនុស្ស។ វាជារឿងពេញនិយមសម្រាប់កុមារ ដោយផ្ទុកនូវអំណោយធម៌ និងការសំបូរខាងកំប្លែងបែបសំណើច។ |
| 520 ## - SUMMARY, ETC. | |
| Summary, etc. | In ancient times, it is said that a supreme deity created a type of animal that was small in size but fast, intelligent, and possessed a unique identity. That animal was called "Kon Lok" (meaning "the Lord's child" or a special creature in Khmer folklore). It is believed that this creature was born either from the gods’ playful mischief or as a result of human karma.<br/>This story tells how the Kon Lok came into existence, its journey through life, the challenges it faced, and its interactions with other animals and humans. It is a popular tale among children, filled with moral lessons and humor. |
| 521 8# - TARGET AUDIENCE NOTE | |
| Target audience note | 530 <br/> |
| Source | Lexile estimate <br/> |
| 521 8# - TARGET AUDIENCE NOTE | |
| Target audience note | M<br/> |
| Source | Raz-Plus <br/> |
| 650 ## - SUBJECT ADDED ENTRY--TOPICAL TERM | |
| Topical term or geographic name entry element | សត្វកូនលោក |
| 650 ## - SUBJECT ADDED ENTRY--TOPICAL TERM | |
| Topical term or geographic name entry element | The starlings ( Kaun Lauk Birds ) |
| 700 ## - ADDED ENTRY--PERSONAL NAME | |
| Personal name | Rabee, Tha |
| Relator term | Illustrator |
| 942 ## - ADDED ENTRY ELEMENTS (KOHA) | |
| Source of classification or shelving scheme | Dewey Decimal Classification |
| Koha item type | Khmer Books |
| Suppress in OPAC | No |
| Withdrawn status | Lost status | Source of classification or shelving scheme | Damaged status | Not for loan | Collection | Home library | Current library | Shelving location | Date acquired | Total Checkouts | Full call number | Barcode | Date last seen | Copy number | Price effective from | Koha item type |
|---|---|---|---|---|---|---|---|---|---|---|---|---|---|---|---|---|
| Dewey Decimal Classification | Khmer-English Bilingual / ភាសាខ្មែរ-អង់គ្លេស | Footprints International School Library Network Toul Tom Poung Campus | Footprints International School Library Network Toul Tom Poung Campus | TTP Primary Khmer Bookshelves | 10/13/2025 | MON PZ7 398.209596 | FIS01760 | 10/13/2025 | 1 | 10/13/2025 | Khmer Books | |||||
| Dewey Decimal Classification | Khmer-English Bilingual / ភាសាខ្មែរ-អង់គ្លេស | Footprints International School Library Network Toul Tom Poung Campus | Footprints International School Library Network Toul Tom Poung Campus | TTP Primary Khmer Bookshelves | 10/23/2025 | MON PZ7 398.209596 | FIS03646 | 10/23/2025 | 2 | 10/23/2025 | Khmer Books |
